[Event "NCA-chT final"]
[Site "Managua"]
[Date "2018.11.18"]
[Round "11.4"]
[White "Sanchez, Jose4444"]
[Black "Avendano Barrios, Edgard Danilo"]
[Result "1-0"]
[WhiteElo "1872"]
[BlackElo "1552"]
[PlyCount "79"]
[EventDate "2018.10.27"]
[EventType "team-tourn"]
[EventRounds "11"]
[EventCountry "NCA"]
[SourceTitle "EXT 2020"]
[Source "ChessBase"]
[SourceDate "2019.10.17"]
[SourceVersion "1"]
[SourceVersionDate "2019.10.17"]
[SourceQuality "1"]

1. c4 e6 2. Nc3 Nf6 3. d4 Bb4 4. Qc2 h6 5. g3 Nc6 6. e3 d5 7. Bg2 Ne7 8. Qa4+ Nc6 9. Nge2 Bd7 10. Qb3 dxc4 11. Qxc4 0-0 12. 0-0 Be7 13. b3 Rb8 14. Bb2 a6 15. Qd3 Nb4 16. Qd2 Nbd5 17. e4 Nxc3 18. Nxc3 c6 19. Rad1 Qa5 20. e5 Ne8 21. Nd5 Qd8 22. Nxe7+ Qxe7 23. Qa5 b6 24. Ba3 Qd8 25. Qd2 Nc7 26. Bxf8 Qxf8 27. f4 a5 28. Be4 Nd5 29. f5 exf5 30. Bxf5 Bxf5 31. Rxf5 Qe7 32. Rdf1 Rf8 33. R5f2 Qe6 34. Rc1 Rc8 35. Qe2 b5 36. Rc5 Kf8 37. a4 bxa4 38. bxa4 Ra8 39. Qc4 Rc8 40. Rxa5 1-0